00619nam a2200205 a 4500001001300000003000900013005001700022008004100039020000900080082001700089100001900106245006300125260005400188300000900242500003500251505003000286650004000316650003800356700001900394nice12345678IN_TiNIC20260116011741.0050524s1935 hyda grp 000 0 eng  ac1800a954.035bFAZ aFazil, Mohmmad aJashn-E-Osmanib Golden Jubilee Commemoration of Nizam VII aHyderabad bMarkazi Anjuman Taleemus Salat c1935 a430p aincludes index and biblioraphy2 aIndex, Glossary, Biblio., aHyderabad-Golden Jubilee of Nizam V aNizam Asif Jah Vii-Golden Jubilee1 aFazil, Mohmmad